00979cam a22002895a 45000010009000000050017000090080041000260200015000670200022000820200018001040400028001220820021001501000024001712450046001952500012002412600064002533000033003175000024003505040031003746500046004056510010004516530031004616550024004929420021005169990017005379520135005541258082420150706102655.0011105s2002 enka frb f001 0 eng d a0521811961 a0521010845 (pbk.) a9780521010849 aDLCbengcDLCdEG-ScBUE04a003.857bOTT2221 aOtt, Edward.93821010aChaos in dynamical systems /cEdward Ott. a2nd ed. aCambridge ;aNew York :bCambridge University Press,c2002. axi, 478 p. :bill. ;c25 cm. aIndex : p. 475-478. aBibliography : p. 452-474. 7aChaotic behavior in systems.2BUEsh96065 2BUEsh bENGGENcJune2015cJuly2015 vreading book934232 2ddck003.857 OTT c19591d19563 00102ddc40708BaccahaMAINbMAINcLOWd2015-06-11epurchaseg490.00l0o003.857 OTTp000038411r2025-07-15 00:00:00v612.50yBB